000 02527cam a22006014i 4500
003 PE-LiUPU
005 20250731170426.0
008 190306s2014 ag a rb 000 0 spa d
020 _a9875914576
020 _a9789875914575
035 _a(Sirsi) a251899
040 _aPE-LiUPU
_bspa
_cPE-LiUPU
_erda
049 _aPRUA
082 0 4 _a150
_bN11
_220
100 1 _aNahoul Serio, Vanessa,
_eautor.
245 1 0 _aTécnica de la entrevista con adolescentes :
_bintegrando modelos psicológicos /
_cVanessa Nahoul Serio y José de Jesús González Núñez.
264 1 _aCórdoba:
_bBrujas,
_c2014.
300 _a201 páginas :
_bilustraciones ;
_c24 centímetros
336 _atext
_2rdacontent
337 _aunmediated
_2rdamedia
338 _avolume
_2rdacarrier
504 _aBibliografía : páginas 195-199.
505 0 _aLa adolescencia -- la referencia del adolescente a la primera entrevista psicoterapéutica -- preparativos para la entrevista con adolescente -- la primera entrevistas psicológica -- el encuadre y el contrato en la entrevista con adolescentes -- la estructura de la entrevista -- la entrevista clínica de diagnóstico con adolescentes -- técnicas no verbales para entrevistar adolescentes -- técnicas no directivas en la entrevista -- Técnicas directivas en la entrevista -- modelo de entrevista con base en la identificación -- el acompañamiento como técnica para entrevistar al adolescente -- la ética en la entrevista psicológica con adolescentes -- la comunicación subjetiva entrevistador-adolescente entrevistado.
526 _aSEG68
526 _aSEG70
526 _aSEG69
526 _aSEG67
526 _aSEG43
526 _aP144
526 _aP143
526 _aP131
526 _aP122
526 _aP120
526 _aP117
526 _aP112
526 _aP110
526 _aP106
526 _aP101
526 _aP80
526 _aP59
526 _aP54
526 _aP35
526 _aP33
526 _aP30
541 _g002-00000791;
650 0 4 _aPsicología
_95567
700 1 _aGonzález Núñez, José de Jesús,
_eautor.
910 _adbm
_bksl
_cksl
_d20190306
942 _2ddc
_cBOOK
994 _aC0
_bPEPRU
596 _a1
999 _a150 N11
_wDEWEY
_c31163
_i80010
_d31163
_e2019-5-7
_f2021-11-3
_g3
_lCCODEBUL1
_mBUL
_n4
_p14.79
_q1
_r0
_sY
_tBOOK
_u2019-3-6
_xSALUD
_zP33
_0COMPRA
_1FCOMPR2
_o.STAFF. Colección Ciencias de la Salud
980 _81
_gALBERTO SANCHEZ Responsable de Automatización